Memoria del encuentro de Antropología Misionera "500 años" (Registro nro. 68129)
[ vista simple ]
| 000 -LÍDER | |
|---|---|
| Campo fijo de descripción fija | 01408nab a2200205 i 4500 |
| 001 - NÚMERO DE CONTROL | |
| Campo de control | 768714001 |
| 003 - IDENTIFICADOR DEL NÚMERO DE CONTROL | |
| Campo de control | CO-MdFUSB |
| 005 - FECHA Y HORA DE LA ULTIMA TRANSACCIÓN | |
| control field | 20240826095805.0 |
| 008 - ELEMENTOS DE LONGITUD FIJA -- INFORMACIÓN GENERAL | |
| Campo fijo de descripción fija -- Información general | 220909s1992 ck ||||| |||| 00| 0 spa d |
| 040 ## - FUENTE DE CATALOGACIÓN | |
| Idioma de catalogación | spa |
| Agencia que realiza la transcripción | CO-MdFUSB |
| Agencia que realiza la modificación | CO-MdFUSB |
| 041 ## - CÓDIGO DE IDIOMA | |
| Código de idioma para texto/pista de sonido o título separado | spa |
| 100 ## - ASIENTO PRINCIPAL--NOMBRE PERSONAL | |
| Nombre personal | Osorio Jaramillo, Oscar, |
| Término relacionador | autor |
| 245 ## - TÍTULO | |
| Título | Memoria del encuentro de Antropología Misionera "500 años" |
| Mención de responsabilidad | / Oscar Osorio Jaramillo |
| 520 ## - NOTA DE RESUMEN, ETC. | |
| Nota de sumario, etc. | La Conferencia Episcopal Colombiana por medio de su Comisión de Pastoral de Misiones, encargó al Instituto de Antropología Misionera (IMA), llevar a cabo un evento encaminado a dar respuestas desde el enfoque antropológico, a las variadas críticas que desde diversos ángulos de la opinión pública se hacen a la evangelización de las culturas autóctonas.<br/>El IMA, aprovechando la tarea investigativa de los alumnos y el trabajo de campo que realizan sus egresados, desarrolló un estudio serio acerca de los elementos que perduran de las religiones pre-ibéricas, los efectos de la evangelización entre esas culturas la calidad del cristianismo resultante de esa evangelización en el Nuevo Testamento. |
| 650 #7 - ASIENTO SECUNDARIO DE MATERIA - TERMINO TEMÁTICO | |
| 9 (RLIN) | 3 |
| Término temático o nombre geográfico como elemento de entrada | Cultura |
| 650 #7 - ASIENTO SECUNDARIO DE MATERIA - TERMINO TEMÁTICO | |
| Término temático o nombre geográfico como elemento de entrada | Antropología cultural y social |
| 9 (RLIN) | 6714 |
| 773 0# - ASIENTO DE ITEM FUENTE | |
| Biblionumber | 49438 |
| Itemnumber | 81254 |
| Lugar, editorial y fecha de publicación | Centro Antropológico Colombiano |
| Otro identificador del ítem | R1690 |
| Título | Ethnia |
| Número de control del registro | (CO-MdFUSB)768714001 |
| Parte(s) relacionada(s) / Volumen., número. (mes año), páginas | Volumen 70, (noviembre, 1992) páginas: 49-82 |
| Enumeración y primera página | páginas: 49 |
| 942 ## - TIPO DE MATERIAL (KOHA) | |
| Tipo de Item KOHA | Artículos de Revista |
| 945 ## - INFORMACIÓN LOCAL DEL REGISTRO | |
| Catalogador | AF |
No hay ítems disponibles.
